00404cam a2200145ua 4500020002500000041001000025082001900035100002600054245008200080250001200162260006000174300000900234365001000243504000500253 a81-203-0919-7c95.00 aengh a006.33bERM/EX aErmine, Jean-Louis . aExpert systems: Theory and practice / cJean-Louis Ermine.hTextual Documents a1 / b. aNew Delhi : bPrentice Hall of India Pvt Ltd. , c2001. a ; . a95.00 a